000 00455nam a2200169Ia 4500
003 GCL
008 140319s9999 xx 000 0 eng d
040 _aGCL /
_cGCL
082 0 4 _a628.166
_bM U
100 1 _aMASSCHELLEIN, W.
245 1 0 _aUnit Processes in Drinking Water Treatment /
_cMASSCHELLEIN, W.
260 _a[S.N] :
_bMARCEL DEKKER, INC ،
_c1992
300 _a635 P
650 0 4 _aPURIFICATION
650 0 4 _aDRINKING WATER
942 _2ddc
_cBK
999 _c18234
_d18234